| 000 | 04758cam a2200361 i 4500 | ||
|---|---|---|---|
| 003 | SA-RiAUC | ||
| 005 | 20250503084347.0 | ||
| 008 | 250503s1987 sy g 000r0 ara c | ||
| 024 | 0 | _a00000000983518 | |
| 024 | 0 | _a00000000990041 | |
| 040 |
_aKAPL _bara _cSA-RiAUC _dAE-DuMBRL _erda |
||
| 082 | 0 | 4 |
_a411.1 _qSA-RiAUC |
| 090 |
_a411.1 _bب ا ش |
||
| 100 | 0 |
_aباشا، أحمد زكي _d1867-1934 _eمؤلف. |
|
| 245 | 1 | 2 |
_aالترقيم وعلاماته في اللغة العربية / _cلواضعه العلامة المحقق الأديب الكبير أحمد زكي باشا ؛ قدم له واعتنى بنشره عبد الفتاح أبو غدة. |
| 250 | _aالطبعة الثانية. | ||
| 264 | 1 |
_aحلب، سوريا : _bمكتب المطبوعات الإسلامية، _c1987. |
|
| 264 | 3 |
_aبيروت : _bدار البشائر الإسلامية للطباعة والنشر والتوزيع |
|
| 300 |
_a47 صفحة ؛ _c24 × 17 سم |
||
| 336 |
_aنص _btxt _2rdacontent _3كتاب |
||
| 337 |
_aبدون وسيط _bn _2rdamedia |
||
| 338 |
_aمجلد _bnc _2rdacarrier |
||
| 520 | _aيتناول كتاب (الترقيم وعلاماته في اللغة العربية) والذي قام بتأليفه العلامة الأديب الكبير أحمد زكي باشا، موضوع (اللغة العربية) هذا الكتاب هام في اللغة العربية نظرا للأهمية التي تلعبها تلك العلامات في تسهيل الفهم والإدراك لدى المتلقين؛ فهي تعينهم على فهم المقاصد التعبيرية التي وضعت من أجلها الجمل والعبارات، وقد تناول الكاتب قضية الترقيم بين القدماء والمحدثين، وأشار إلى العلامات الترقيمية المستحدثة التي وفدت إلينا من الغرب، والتي لم يعهدها علماء اللغة قديما؛ كالفصلة، والفصلة المنقوطة، وأقواس الاقتباس. ويتناول الكاتب الأسس والقواعد التي ينبغي مراعاتها في الكتابة، كذلك القواعد الخطية المتبعة في رسم بعض الحروف، والحركات الإعرابية الموضوعة عليها، ويوضح مدى أهمية تلك الحركات في ضبط الأعلام الجغرافية والتاريخية، كما أشار إلى ظاهرة اختزال بعض الكلمات مثل كلمة "إلخ"، التي تعني إلى آخره. | ||
| 650 | 7 |
_aاللغة العربية _xكتابة _2aucsh |
|
| 650 | 7 |
_aاللغة العربية _xإملاء وتهجئة _2aucsh |
|
| 700 | 1 |
_aأبو غدة، عبد الفتاح بن محمد بن بشير، _d1917-1997 _eمقدم. |
|
| 856 |
_uhttps://www.hindawi.org/books/82047270.pdf _yDigital Copy _2 نرجو الانتباه لإمكانية وجود اختلاف في الطبعة أو الناشر بين البيانات على البوابة وما ستجده على الكتاب نظرا لمحدودية المعلومات المتاحة على الموقع الناشر للمادة. _3Please note that there may be a difference in the edition or publisher between the data on the portal and the book due to the limited information available on the publisher website for the material. |
||
| 856 |
_uhttps://www.hindawi.org/books/82047270/ _yExternal Link _2 نرجو الانتباه لإمكانية وجود اختلاف في الطبعة أو الناشر بين البيانات على البوابة وما ستجده على الكتاب نظرا لمحدودية المعلومات المتاحة على الموقع الناشر للمادة. _3Please note that there may be a difference in the edition or publisher between the data on the portal and the book due to the limited information available on the publisher website for the material. |
||
| 856 |
_uhttps://s3.amazonaws.com/images.hindawi.org/kalimat/covers/svg/270x360/82047270.svg _yCoverImage _2 نرجو الانتباه لإمكانية وجود اختلاف في الطبعة أو الناشر بين البيانات على البوابة وما ستجده على الكتاب نظرا لمحدودية المعلومات المتاحة على الموقع الناشر للمادة. _3Please note that there may be a difference in the edition or publisher between the data on the portal and the book due to the limited information available on the publisher website for the material. |
||
| 942 |
_2ddc _cBOOK |
||
| 949 |
_aSA-JeALM _d250503 _ukhaled123 _n1 |
||
| 999 |
_c7539 _d7539 |
||